000 00821nam a2200205 4500
001 108963
003 ES-MaACL
005 20230906184741.0
007 t|
008 061121s1977 sp r ||||1| spa d
100 1 _aMoxó y Ortiz de Villajos, Salvador de.
_983946
245 1 0 _aHistoria medieval de España /
_cpreparada por... Salvador de Moxó y Ortiz de Villajos... Julián Donado Vara... [José Ignacio Moreno Núñez].
260 _aMadrid :
_bUniversidad Nacional de Educación a Distancia, Ministerio de Educación y Ciencia,
_c1977.
300 _a1v. ;
_c30 cm.
500 _aSon 6 tomos en un volumen.
651 4 _aEspaña-
_xHistoria-
_y0414-1474, Edad media.
_98214
700 1 _aDonado Vara, Julián.
_945275
700 1 _aMoreno Núñez, José Ignacio.
_983418
852 _aES-MaACL
_jL-2644
_bR.103634
999 _c108963
_d108963